000
00240 a2200085 4500
020
_a
9788173611353
100
_a
Nadeem Hasnain
245
_a
Indian Society And Culture: Continuity And Change
260
_b
Jawahar Publishers and Distributors
_c
2011
999
_c
13366
_d
13366